00330nam a2200133Ia 450000500170000000800410001704100080005808200160006610000250008224500280010726000380013530000090017365000140018220250729165739.0250729s2014 xx 000 0 und d aeng a372.25 MUJE aMujibu Hasan Siddiui aEducational Evaluvation aNew DelhibA P H PUBLISHINGc2014 a298p aEducation